[Event "World ol U16"]
[Site "Eindhoven"]
[Date "2023.08.15"]
[Round "5.22"]
[White "Elharrak, Ahmed"]
[Black "Omeri, Eklea"]
[Result "0-1"]
[WhiteElo "1541"]
[BlackElo "1646"]
[PlyCount "118"]
[EventDate "2023.08.13"]
[EventType "team-swiss"]
[EventRounds "9"]
[EventCountry "NED"]
[SourceTitle "CBM 215 Extra"]
[Source "ChessBase"]
[SourceDate "2023.09.30"]
[SourceVersion "1"]
[SourceVersionDate "2023.09.30"]
[SourceQuality "1"]
[WhiteTeam "Morocco"]
[BlackTeam "Albania"]
[WhiteTeamCountry "MAR"]
[BlackTeamCountry "ALB"]

1. d4 d5 2. c4 c6 3. Nf3 Nf6 4. Nc3 g6 5. e3 Bg7 6. Bd3 0-0 7. 0-0 Nbd7 8. Bd2 Re8 9. Rc1 dxc4 10. Bxc4 Nb6 11. Bb3 Bf5 12. Re1 e6 13. h3 Bd3 14. Ne5 Ba6 15. Na4 Nxa4 16. Bxa4 Nd7 17. Nxd7 Qxd7 18. Bb4 Red8 19. Ba5 Re8 20. Bc3 Rad8 21. Ba5 Rc8 22. Bc3 Rcd8 23. Bc2 e5 24. dxe5 Bxe5 25. Qxd7 Rxd7 26. Bxe5 Rxe5 27. Rcd1 Red5 28. Rxd5 Rxd5 29. Rd1 Rxd1+ 30. Bxd1 Bc4 31. a3 Kf8 32. f4 Ke7 33. Kf2 c5 34. e4 f6 35. g4 Kd6 36. Ke3 b5 37. h4 h6 38. Bc2 Bf7 39. Bd1 a5 40. a4 b4 41. b3 Bg8 42. Bc2 Bf7 43. Bd1 Be6 44. f5 gxf5 45. exf5 Bf7 46. Kf4 c4 47. bxc4 Bxc4 48. Bc2 b3 49. Bd1 Kc5 50. g5 hxg5+ 51. hxg5 fxg5+ 52. Kxg5 Kb4 53. f6 Kxa4 54. Kf5 Kb4 55. Ke5 a4 56. Bg4 a3 57. Be6 a2 58. f7 a1Q+ 59. Kd6 Qf6 0-1

[Event "MAR-ch U18"]
[Site "Casablanca"]
[Date "2022.06.01"]
[Round "2"]
[White "Elharrak, Ahmed"]
[Black "Wahidi, Mohamed Achraf"]
[Result "1-0"]
[WhiteElo "1572"]
[BlackElo "1690"]
[PlyCount "101"]
[EventDate "2022.06.01"]
[EventType "swiss (rapid)"]
[EventRounds "7"]
[EventCountry "MAR"]
[SourceTitle "EXT 2023"]
[Source "ChessBase"]
[SourceDate "2022.10.05"]
[SourceVersion "1"]
[SourceVersionDate "2022.10.05"]
[SourceQuality "1"]

1. d4 Nf6 2. c4 g6 3. Nf3 d5 4. Bf4 Bg7 5. Nc3 c5 6. dxc5 Qa5 7. Qb3 Qxc5 8. Qb5+ Qxb5 9. Nxb5 Na6 10. e3 Bd7 11. Nbd4 0-0 12. Be2 dxc4 13. Bxc4 Nh5 14. Bg3 Nc5 15. 0-0 Rac8 16. Be2 Nxg3 17. hxg3 e5 18. Nb5 e4 19. Nfd4 Bxd4 20. Nxd4 a6 21. Rac1 f5 22. Bc4+ Kg7 23. Bd5 Rf6 24. f3 exf3 25. Nxf3 Rd6 26. Bc4 Ne4 27. Bb3 Nxg3 28. Rxc8 Bxc8 29. Rb1 Ne4 30. Rc1 Rc6 31. Rd1 b5 32. Ne5 Rc5 33. Nd3 Rc7 34. Ne5 Re7 35. Nc6 Rc7 36. Ne5 Nc5 37. Rc1 Ne6 38. Rd1 Nc5 39. Rc1 Ne6 40. Rd1 Nc5 41. Bd5 Re7 42. Nf3 Rc7 43. Ne5 Re7 44. Nf3 Rc7 45. b3 Rd7 46. Ne5 Re7 47. Nf3 Rd7 48. Ne5 Re7 49. Rc1 Rc7 50. b4 Ne6 51. Rb1 1-0

[Event "MAR-ch U18"]
[Site "Casablanca"]
[Date "2022.06.01"]
[Round "6"]
[White "Kriem, Med Amine"]
[Black "Elharrak, Ahmed"]
[Result "1-0"]
[WhiteElo "1704"]
[BlackElo "1572"]
[PlyCount "87"]
[EventDate "2022.06.01"]
[EventType "swiss (rapid)"]
[EventRounds "7"]
[EventCountry "MAR"]
[SourceTitle "EXT 2023"]
[Source "ChessBase"]
[SourceDate "2022.10.05"]
[SourceVersion "1"]
[SourceVersionDate "2022.10.05"]
[SourceQuality "1"]

1. d4 d5 2. c4 c5 3. cxd5 Qxd5 4. Nf3 Nc6 5. Nc3 Qd8 6. d5 Nd4 7. Nxd4 cxd4 8. Qxd4 e6 9. e4 Ne7 10. Bb5+ Bd7 11. dxe6 fxe6 12. Qa4 Nc6 13. Be3 a6 14. Bxc6 Bxc6 15. Qb3 Qf6 16. 0-0 Be7 17. Rad1 0-0 18. f3 Kh8 19. Na4 Bxa4 20. Qxa4 Qxb2 21. Rb1 Qc3 22. Rb3 Qc7 23. Rc1 b5 24. Rxc7 bxa4 25. Rbb7 Bf6 26. Ra7 e5 27. Rxa8 Rxa8 28. Ra7 Rxa7 29. Bxa7 Kg8 30. Kf1 Kf8 31. Ke2 Ke7 32. Kd3 Kd7 33. Kc4 Be7 34. Bc5 Bd8 35. Kb4 Kc6 36. Bf8 g5 37. Kxa4 h5 38. Kb4 h4 39. Kc4 Bf6 40. Bc5 Bd8 41. h3 a5 42. a4 Kd7 43. Kd5 Bc7 44. Bf8 1-0